[Event "George Trundle NZ Masters 2017"]
[Site "Auckland, NZL"]
[Date "2017.10.02"]
[Round "3.1"]
[White "Smith, Robert W"]
[Black "Ang, Alphaeus Wei Ern"]
[Result "1-0"]
[BlackElo "2228"]
[WhiteElo "2230"]
[LiveChessVersion "1.4.8"]

1. e4 {[%clk 1:30:58]} d5 {[%clk 1:30:54]} 2. exd5 {[%clk 1:31:23]} Qxd5
{[%clk 1:31:10]} 3. Nc3 {[%clk 1:31:47]} Qd6 {[%clk 1:31:35]} 4. g3
{[%clk 1:31:31]} Nf6 {[%clk 1:29:13]} 5. Bg2 {[%clk 1:30:20]} g6 {[%clk 1:23:01]}
6. d4 {[%clk 1:26:39]} Bg7 {[%clk 1:21:30]} 7. Nge2 {[%clk 1:26:39]} O-O
{[%clk 1:18:52]} 8. O-O {[%clk 1:26:43]} Rd8 {[%clk 1:13:00]} 9. Bf4
{[%clk 1:22:10]} Qb6 {[%clk 1:12:16]} 10. Na4 {[%clk 1:21:23]} Qa5
{[%clk 1:09:49]} 11. c3 {[%clk 1:16:29]} Na6 {[%clk 1:03:35]} 12. b4
{[%clk 1:12:46]} Qh5 {[%clk 1:02:09]} 13. Nc1 {[%clk 1:03:16]} c6
{[%clk 0:53:13]} 14. Nd3 {[%clk 1:00:25]} Qxd1 {[%clk 0:45:59]} 15. Raxd1
{[%clk 0:59:31]} Nd5 {[%clk 0:44:03]} 16. Bd2 {[%clk 0:55:27]} Bf5
{[%clk 0:40:44]} 17. Nab2 {[%clk 0:54:29]} Nac7 {[%clk 0:35:47]} 18. Nc5
{[%clk 0:48:53]} b6 {[%clk 0:34:35]} 19. Nb3 {[%clk 0:48:34]} e5 {[%clk 0:26:23]}
20. c4 {[%clk 0:41:16]} Ne7 {[%clk 0:25:32]} 21. Bg5 {[%clk 0:40:28]} f6
{[%clk 0:25:42]} 22. Be3 {[%clk 0:40:52]} Bc2 {[%clk 0:23:05]} 23. Rd2
{[%clk 0:41:12]} Bxb3 {[%clk 0:23:27]} 24. axb3 {[%clk 0:41:41]} f5
{[%clk 0:16:41]} 25. Bg5 {[%clk 0:34:07]} Kf7 {[%clk 0:15:30]} 26. Bxe7
{[%clk 0:31:20]} Kxe7 {[%clk 0:15:53]} 27. Bxc6 {[%clk 0:31:47]} Rac8
{[%clk 0:15:42]} 28. Ra1 {[%clk 0:27:31]} Ne6 {[%clk 0:11:15]} 29. Rxa7+
{[%clk 0:26:39]} Kf8 {[%clk 0:11:36]} 30. Bd5 {[%clk 0:14:41]} Nxd4
{[%clk 0:10:07]} 31. Kg2 {[%clk 0:09:01]} Nxb3 {[%clk 0:08:52]} 32. Rd3
{[%clk 0:08:57]} Nd4 {[%clk 0:08:03]} 33. Rda3 {[%clk 0:06:40]} Nb5
{[%clk 0:00:37]} 34. Rf7+ {[%clk 0:06:29]} Ke8 {[%clk 0:00:36]} 35. cxb5
{[%clk 0:06:16]} Rxd5 {[%clk 0:00:48]} 36. Rxg7 {[%clk 0:06:37]} Rd2
{[%clk 0:00:58]} 37. Rg8+ {[%clk 0:06:00]} Kd7 {[%clk 0:00:42]} 38. Ra7+
{[%clk 0:06:21]} Rc7 {[%clk 0:00:43]} 39. Rg7+ {[%clk 0:06:46]} Ke8
{[%clk 0:01:08]} 40. Raxc7 {[%clk 0:36:51]} Rxb2 {[%clk 0:31:34]} 41. Rc8# 1-0

[Event "George Trundle NZ Masters 2017"]
[Site "Auckland, NZL"]
[Date "2017.10.02"]
[Round "3.2"]
[White "Lukey, Stephen G"]
[Black "Croad, Nicholas"]
[Result "0-1"]
[BlackElo "2247"]
[WhiteElo "2188"]
[LiveChessVersion "1.4.8"]

1. d4 {[%clk 1:30:58]} Nf6 {[%clk 1:30:55]} 2. c4 {[%clk 1:31:26]} e6
{[%clk 1:31:21]} 3. Nf3 {[%clk 1:31:53]} b6 {[%clk 1:31:46]} 4. g3
{[%clk 1:32:19]} Ba6 {[%clk 1:31:42]} 5. Qc2 {[%clk 1:32:45]} Bb4+
{[%clk 1:31:52]} 6. Bd2 {[%clk 1:33:01]} Be7 {[%clk 1:31:36]} 7. Bg2
{[%clk 1:33:23]} c6 {[%clk 1:29:20]} 8. O-O {[%clk 1:23:00]} O-O {[%clk 1:27:08]}
9. Ne5 {[%clk 1:13:33]} d5 {[%clk 1:21:05]} 10. Rd1 {[%clk 1:03:38]} Nfd7
{[%clk 1:17:42]} 11. cxd5 {[%clk 1:02:41]} Nxe5 {[%clk 1:15:02]} 12. dxe5
{[%clk 1:01:04]} cxd5 {[%clk 1:15:25]} 13. Nc3 {[%clk 0:52:28]} Nd7
{[%clk 1:14:50]} 14. Qa4 {[%clk 0:49:50]} Bc4 {[%clk 1:09:31]} 15. Be3
{[%clk 0:40:41]} a5 {[%clk 0:55:30]} 16. Bd4 {[%clk 0:34:00]} b5 {[%clk 0:38:13]}
17. Qc2 {[%clk 0:32:40]} b4 {[%clk 0:38:11]} 18. b3 {[%clk 0:27:59]} Ba6
{[%clk 0:36:32]} 19. Na4 {[%clk 0:28:20]} Rc8 {[%clk 0:36:23]} 20. Qb2
{[%clk 0:28:25]} Qc7 {[%clk 0:25:43]} 21. e4 {[%clk 0:28:36]} dxe4
{[%clk 0:25:59]} 22. Bxe4 {[%clk 0:28:59]} Bb7 {[%clk 0:26:26]} 23. Rac1
{[%clk 0:25:12]} Qb8 {[%clk 0:23:48]} 24. Ba7 {[%clk 0:24:22]} Rxc1
{[%clk 0:19:53]} 25. Qxc1 {[%clk 0:24:13]} Qc8 {[%clk 0:20:11]} 26. Qxc8
{[%clk 0:23:46]} Bxc8 {[%clk 0:20:37]} 27. f4 {[%clk 0:23:34]} f6
{[%clk 0:16:42]} 28. Bb7 {[%clk 0:13:12]} Nb8 {[%clk 0:13:34]} 29. Bg2
{[%clk 0:09:40]} Nd7 {[%clk 0:09:50]} 30. Bh3 {[%clk 0:08:46]} Kf7
{[%clk 0:10:07]} 31. exf6 {[%clk 0:08:47]} Nxf6 {[%clk 0:09:24]} 32. Nc5
{[%clk 0:03:37]} e5 {[%clk 0:05:22]} 33. f5 {[%clk 0:03:16]} Rd8 {[%clk 0:04:57]}
34. Re1 {[%clk 0:01:23]} Rd5 {[%clk 0:02:07]} 35. Ne6 {[%clk 0:01:48]} h6
{[%clk 0:01:14]} 36. Bg2 {[%clk 0:02:13]} Rd2 {[%clk 0:01:21]} 37. Rxe5
{[%clk 0:01:41]} Rd1+ {[%clk 0:01:23]} 38. Kf2 {[%clk 0:02:00]} Ng4+
{[%clk 0:01:41]} 39. Ke2 {[%clk 0:02:25]} Rb1 {[%clk 0:01:00]} 40. Re4
{[%clk 0:31:20]} Rb2+ {[%clk 0:31:24]} 41. Ke1 {[%clk 0:29:34]} Rxg2
{[%clk 0:18:27]} 42. Rxg4 {[%clk 0:29:59]} Bf6 {[%clk 0:17:28]} 43. Rc4
{[%clk 0:29:32]} Bxe6 {[%clk 0:12:25]} 44. Rc7+ {[%clk 0:29:56]} Bd7
{[%clk 0:12:52]} 45. Rxd7+ {[%clk 0:29:41]} Ke8 {[%clk 0:13:17]} 46. Rd5
{[%clk 0:26:46]} Bc3+ {[%clk 0:13:27]} 47. Kd1 {[%clk 0:25:16]} Rxa2
{[%clk 0:13:46]} 48. Bd4 {[%clk 0:16:42]} Rd2+ {[%clk 0:14:08]} 49. Kc1
{[%clk 0:16:50]} Rxd4 {[%clk 0:14:31]} 50. Rxa5 {[%clk 0:17:17]} Rd7
{[%clk 0:14:42]} 0-1

[Event "George Trundle NZ Masters 2017"]
[Site "Auckland, NZL"]
[Date "2017.10.02"]
[Round "3.3"]
[White "Van Riemsdijk, Herman C."]
[Black "Johansen, Darryl K"]
[Result "1/2-1/2"]
[BlackElo "2380"]
[WhiteElo "2306"]
[LiveChessVersion "1.4.8"]

1. e4 {[%clk 1:30:56]} e6 {[%clk 1:30:50]} 2. d4 {[%clk 1:31:14]} d5
{[%clk 1:31:14]} 3. Nc3 {[%clk 1:31:39]} Nf6 {[%clk 1:31:32]} 4. Bg5
{[%clk 1:30:30]} Be7 {[%clk 1:31:48]} 5. e5 {[%clk 1:30:32]} Nfd7
{[%clk 1:31:58]} 6. h4 {[%clk 1:30:42]} O-O {[%clk 1:31:55]} 7. Qg4
{[%clk 1:29:15]} f5 {[%clk 1:30:13]} 8. Qf4 {[%clk 1:29:12]} c5 {[%clk 1:27:43]}
9. O-O-O {[%clk 1:28:19]} cxd4 {[%clk 1:23:07]} 10. Nb5 {[%clk 1:28:08]} Nc6
{[%clk 1:23:26]} 11. Nf3 {[%clk 1:27:36]} Nc5 {[%clk 1:22:18]} 12. Nfxd4
{[%clk 1:08:12]} Ne4 {[%clk 1:22:00]} 13. Bxe7 {[%clk 1:07:26]} Qxe7
{[%clk 1:20:44]} 14. Rh3 {[%clk 1:07:11]} Bd7 {[%clk 1:08:14]} 15. Rb3
{[%clk 1:04:45]} Nxd4 {[%clk 1:02:02]} 16. Nxd4 {[%clk 1:04:56]} Nc5
{[%clk 0:58:51]} 17. Rc3 {[%clk 1:04:19]} Rac8 {[%clk 0:56:26]} 18. f3
{[%clk 0:58:02]} h6 {[%clk 0:53:02]} 19. Bb5 {[%clk 0:49:17]} a6 {[%clk 0:45:10]}
20. Bxd7 {[%clk 0:49:16]} Nxd7 {[%clk 0:45:32]} 21. Rxc8 {[%clk 0:44:53]} Rxc8
{[%clk 0:45:57]} 22. Rd3 {[%clk 0:42:16]} Nf8 {[%clk 0:44:18]} 23. Qg3
{[%clk 0:37:16]} Rc4 {[%clk 0:40:17]} 24. f4 {[%clk 0:30:59]} Qf7
{[%clk 0:35:22]} 25. b3 {[%clk 0:30:41]} Rc7 {[%clk 0:34:06]} 26. Rc3
{[%clk 0:30:58]} Qd7 {[%clk 0:30:59]} 1/2-1/2

[Event "George Trundle NZ Masters 2017"]
[Site "Auckland, NZL"]
[Date "2017.10.02"]
[Round "3.4"]
[White "Gong, Daniel Hanwen"]
[Black "Chan, Peng Kong"]
[Result "1/2-1/2"]
[BlackElo "2170"]
[WhiteElo "2252"]
[LiveChessVersion "1.4.8"]

1. e4 {[%clk 1:30:58]} c5 {[%clk 1:30:25]} 2. Nf3 {[%clk 1:31:21]} e6
{[%clk 1:30:49]} 3. d4 {[%clk 1:31:39]} cxd4 {[%clk 1:31:14]} 4. Nxd4
{[%clk 1:32:03]} a6 {[%clk 1:31:17]} 5. Nc3 {[%clk 1:31:29]} b5 {[%clk 1:31:16]}
6. g3 {[%clk 1:30:40]} Bb7 {[%clk 1:29:02]} 7. Bg2 {[%clk 1:31:04]} Nf6
{[%clk 1:27:35]} 8. Qe2 {[%clk 1:29:24]} Qc7 {[%clk 1:23:31]} 9. O-O
{[%clk 1:26:38]} d6 {[%clk 1:23:31]} 10. a4 {[%clk 1:23:59]} b4 {[%clk 1:23:35]}
11. Na2 {[%clk 1:14:21]} e5 {[%clk 1:21:49]} 12. Nf5 {[%clk 1:10:27]} a5
{[%clk 1:18:34]} 13. Rd1 {[%clk 1:06:03]} Nbd7 {[%clk 1:15:39]} 14. Bg5
{[%clk 1:05:36]} h6 {[%clk 1:10:02]} 15. Bxf6 {[%clk 1:04:50]} Nxf6
{[%clk 1:10:29]} 16. c3 {[%clk 1:04:59]} g6 {[%clk 1:09:59]} 17. Ne3
{[%clk 1:03:46]} bxc3 {[%clk 0:55:35]} 18. Nxc3 {[%clk 1:03:12]} Be7
{[%clk 0:55:45]} 19. Nb5 {[%clk 0:58:13]} Qb8 {[%clk 0:55:34]} 20. Nc4
{[%clk 0:46:47]} O-O {[%clk 0:54:15]} 21. Ncxd6 {[%clk 0:43:23]} Ba6
{[%clk 0:48:56]} 22. Qf3 {[%clk 0:42:16]} Rd8 {[%clk 0:44:24]} 23. Bf1
{[%clk 0:41:53]} Bxb5 {[%clk 0:39:18]} 24. Nxb5 {[%clk 0:42:08]} Qb7
{[%clk 0:39:34]} 25. Bc4 {[%clk 0:30:09]} Rac8 {[%clk 0:38:17]} 26. Rxd8+
{[%clk 0:29:12]} Rxd8 {[%clk 0:38:15]} 27. Re1 {[%clk 0:29:21]} Kg7
{[%clk 0:32:45]} 28. Re2 {[%clk 0:28:35]} Bc5 {[%clk 0:31:40]} 29. Nc3
{[%clk 0:26:45]} Qa7 {[%clk 0:27:23]} 30. Nd5 {[%clk 0:25:58]} Rd6
{[%clk 0:27:16]} 31. b3 {[%clk 0:18:31]} h5 {[%clk 0:22:16]} 32. h3
{[%clk 0:18:22]} Bd4 {[%clk 0:20:56]} 33. Qd3 {[%clk 0:13:43]} Nxd5
{[%clk 0:19:08]} 34. Bxd5 {[%clk 0:13:35]} Rf6 {[%clk 0:19:30]} 35. Qc2
{[%clk 0:13:37]} Qb6 {[%clk 0:19:29]} 36. h4 {[%clk 0:12:39]} Rf3
{[%clk 0:15:53]} 37. Kg2 {[%clk 0:13:00]} Qf6 {[%clk 0:16:00]} 38. Rd2
{[%clk 0:09:05]} Bb6 {[%clk 0:14:57]} 39. Re2 {[%clk 0:06:37]} Bd4
{[%clk 0:14:27]} 40. Rd2 {[%clk 0:36:16]} Bb6 {[%clk 0:44:52]} 41. Re2 1/2-1/2

[Event "George Trundle NZ Masters 2017"]
[Site "Auckland, NZL"]
[Date "2017.10.02"]
[Round "3.5"]
[White "Reilly, Tim"]
[Black "Hague, Ben"]
[Result "0-1"]
[BlackElo "2365"]
[WhiteElo "2153"]
[LiveChessVersion "1.4.8"]

1. d4 {[%clk 1:30:58]} Nf6 {[%clk 1:30:53]} 2. c4 {[%clk 1:31:18]} e6
{[%clk 1:31:19]} 3. Nc3 {[%clk 1:31:40]} Bb4 {[%clk 1:31:45]} 4. e3
{[%clk 1:31:48]} O-O {[%clk 1:32:08]} 5. Bd3 {[%clk 1:32:08]} d5 {[%clk 1:32:12]}
6. cxd5 {[%clk 1:32:14]} exd5 {[%clk 1:32:37]} 7. Nge2 {[%clk 1:32:24]} Re8
{[%clk 1:32:27]} 8. O-O {[%clk 1:32:03]} Bd6 {[%clk 1:32:11]} 9. f3
{[%clk 1:31:27]} c5 {[%clk 1:31:11]} 10. Kh1 {[%clk 1:23:26]} Nc6
{[%clk 1:26:47]} 11. a3 {[%clk 1:22:19]} a6 {[%clk 1:24:45]} 12. Rf2
{[%clk 1:19:14]} b5 {[%clk 1:18:34]} 13. g4 {[%clk 1:11:56]} Bb7 {[%clk 0:53:17]}
14. g5 {[%clk 1:03:38]} Nh5 {[%clk 0:52:21]} 15. f4 {[%clk 1:00:02]} g6
{[%clk 0:48:43]} 16. Bc2 {[%clk 0:47:55]} Bf8 {[%clk 0:41:35]} 17. f5
{[%clk 0:31:56]} Qxg5 {[%clk 0:32:10]} 18. Rg2 {[%clk 0:27:20]} Qh4
{[%clk 0:28:05]} 19. Qg1 {[%clk 0:23:44]} Bg7 {[%clk 0:23:10]} 20. Bd2
{[%clk 0:18:14]} cxd4 {[%clk 0:19:08]} 21. Rg4 {[%clk 0:17:30]} Qxg4
{[%clk 0:15:37]} 22. Qxg4 {[%clk 0:17:33]} dxc3 {[%clk 0:16:02]} 23. fxg6
{[%clk 0:14:21]} hxg6 {[%clk 0:15:53]} 24. Nxc3 {[%clk 0:05:51]} d4
{[%clk 0:13:04]} 25. Ne4 {[%clk 0:05:22]} d3 {[%clk 0:10:41]} 26. Bb3
{[%clk 0:03:02]} Nd8 {[%clk 0:08:17]} 27. Kg1 {[%clk 0:00:56]} Bxe4
{[%clk 0:07:33]} 28. Qd7 {[%clk 0:00:55]} Nf6 {[%clk 0:07:05]} 29. Qh3
{[%clk 0:00:55]} Ne6 {[%clk 0:06:27]} 30. Rf1 {[%clk 0:01:10]} Rac8
{[%clk 0:04:30]} 31. Bc3 {[%clk 0:01:04]} Nd5 {[%clk 0:03:56]} 32. Bxg7
{[%clk 0:01:16]} Kxg7 {[%clk 0:02:57]} 33. Qh4 {[%clk 0:01:01]} Nec7
{[%clk 0:01:49]} 34. Qf2 {[%clk 0:00:33]} Re7 {[%clk 0:01:12]} 35. Rc1
{[%clk 0:00:32]} Rce8 {[%clk 0:01:19]} 36. Rf1 {[%clk 0:00:32]} Bf5
{[%clk 0:01:07]} 37. Rc1 {[%clk 0:00:31]} Rxe3 {[%clk 0:01:16]} 0-1